[Event "Bundesliga 9900"]
[Site "Germany"]
[Date "2000.03.13"]
[Round "13.4"]
[White "Knaak, Rainer"]
[Black "Sjodahl, Pontus"]
[Result "1-0"]
[WhiteElo "2505"]
[BlackElo "2419"]
[Annotator "Golod,V"]
[PlyCount "63"]
[EventDate "1999.10.09"]
[EventType "team-tourn"]
[EventRounds "15"]
[EventCountry "GER"]
[SourceTitle "CBM 076"]
[Source "ChessBase"]
[SourceDate "2000.05.31"]
[SourceVersion "1"]
[SourceVersionDate "2000.05.31"]
[SourceQuality "1"]
[WhiteTeam "Werder Bremen"]
[BlackTeam "Wattenscheid"]
[WhiteTeamCountry "GER"]
[BlackTeamCountry "GER"]

1. d4 Nf6 2. c4 e6 3. Nc3 Bb4 4. Qc2 O-O 5. a3 Bxc3+ 6. Qxc3 Ne4 7. Qc2 f5 8.
Nh3 $5 ({Other lines are:} 8. g3 $5 {See comments to Virovlansky,S-Ibragimov,I/
Nizhnij Novgorod,1998/CBM 66(0-1) (Golod,V)(54)}) ({and} 8. e3 $5 {You can see
comments to Kruppa,Y-Nosenko,A/Donetsk,1998/CBM 68 (1-0)  (Golod,V)(48)}) 8...
d6 $5 {Besides this move black has five options:} (8... Nc6 $5 {See comments
to Sokolov,I-De Firmian,N/ New York CITS,1996/CBM 52(1/2-1/2) (Dautov)(23)}) (
8... b6 $5 {See comments to Lima,D-IzetaTxabarri,F/ Leon,1996/CBM 54(1-0)
(Dautov)(47)}) (8... b5 $6 {See comments to Dragomarezkij,E-Malinin,Y/Moscow,
1999/ CBM 70(1-0)(Golod,V) (41)}) (8... d5 $6) ({and} 8... c5 $6) 9. b3 $5 $146
{[%mdl 8] A novelty on the early stage of the game.White's idea is very simple:
Bb2,0-0-0 and attack in king side. Repeatedly was checked in the previous
games:} (9. f3 $5 {You can see comments to Alterman,B-Gofshtein,L/Israel,1999/
CBM 69 (1-0) (Alterman,B)(46)}) 9... e5 ({Another alternative is:} 9... c5 10.
f3 Nf6 11. dxc5 dxc5 12. Bb2 Nc6 13. e3 {+/=/=} (13. Rd1 $143 Nd4 $36)) 10. Bb2
({Dubious:} 10. d5 {in view of:} c6 {[%csl Rd5]}) ({It deserves attention:} 10.
e3 exd4 (10... c5 $5) 11. exd4 Nc6 12. Bb2 $14) 10... Qe7 $5 {[%csl Re1,Ge7]} (
{Also possibly:} 10... exd4 11. Bxd4 Nc6 12. Bb2 Qe7 {+/=/=}) 11. O-O-O $6 ({
Much better is:} 11. dxe5 dxe5 12. e3 {+/=/=}) 11... a5 $6 {After this
positional inaccuracy black are getting in trouble,probably could be
recommended:} (11... exd4 $1 12. Bxd4 (12. f3 $6 Ng5 $1 $15) 12... Nc6 $11 13.
Bb2 $140 $6 f4 $36 {[%csl Ge4,Rf2,Yh3][%cal Yh3f2,Gc8h3]}) 12. e3 $14 Nc6 ({
Probably better is:} 12... c5 $5 {[%cal Ga5a4]}) 13. Bd3 {[%csl Gc2,Gd3,Re4,
Rf5]} Ng5 ({It is desirable at first:} 13... Bd7 {and only after:} 14. f3 Ng5
$14) 14. Nxg5 $5 Qxg5 $140 15. h4 $1 Qh6 ({After:} 15... Qxg2 16. Rdg1 Qf3 17.
d5 (17. Rh2 $2 Nxd4 18. Bxd4 (18. exd4 $4 Qf4+ {[%csl Rc1,Rh2]}) 18... exd4 19.
Rhg2 $15) 17... Ne7 18. Rh2 {[%csl Rf3]} (18. h5 $145 $1 {/\ Rh2, Rg3}) 18...
Qh5 (18... a4 $2 19. Be2 Qe4 20. Qd1 $16 {[%csl Re4][%cal Ge2d3]}) 19. Rg5 Qf7
20. Rhg2 {white has a strong attack behind pawn.}) 16. Kb1 {[%csl Yb1,Rc1]
[%cal Gh6c1]} e4 $5 ({Another options is:} 16... f4 $5) 17. Be2 $140 f4 {
[%csl Rb1,Rc2,Gc8]} 18. Bc1 {[%csl Yc1] In my opinion this move better than:} (
18. exf4 Qxf4 {[%csl Rf2][%cal Gc8f5]} 19. d5 Ne5 20. Bd4 $14) 18... Bf5 ({
Senselessly:} 18... f3 {in view of:} 19. gxf3 exf3 20. Bd3 $16) 19. Kb2 {
[%csl Rb1,Yb2,Gf5]} ({Impossibly:} 19. exf4 $2 e3 20. Bd3 Nxd4 $17) 19... Qg6
$6 ({From my point of view a little better:} 19... fxe3 20. g4 Bd7 21. Bxe3 Qe6
$14) 20. Rdg1 $5 {/\g4} h5 {[%csl Yh5][%cal Yh5g4]} ({Badly:} 20... f3 {
in view of:} 21. gxf3 exf3 22. Qd2 Bg4 (22... Qh5 23. Rg5 {[%csl Rf3]}) 23. Bd3
Qe6 24. Kb1 $16 {[%csl Rc6,Re6,Rg4][%cal Gd4d5]}) 21. Qc3 {[%cal Ge3f4]} fxe3
22. Bxe3 Kh7 $6 ({Also after:} 22... Rae8 $6 {very strongly:} 23. g4 $1 Bxg4 (
23... hxg4 24. h5 $16) 24. Bxg4 hxg4 25. h5 Qf5 26. Rh4 Rf7 27. h6 $16 {
[%csl Rg8]}) ({Can be recommended:} 22... Bg4 23. f3 $140 Bd7 24. fxe4 Qxe4 25.
Bxh5 Bg4 {+/=/+/-}) 23. g4 $1 $16 {[%mdl 128]} Bxg4 ({Another possibility is:} 
23... hxg4 24. h5 Qf7 25. Bxg4 Ne7 $16 (25... Bxg4 26. Rxg4 Qf3 $2 (26... Ne7
$142 $16) 27. Rhg1 Rf7 28. h6 gxh6 29. Rg6 $18)) 24. Bxg4 hxg4 25. h5 Qf5 $2 ({
It is necessary:} 25... Qf7 $16 {[%csl Gf5][%cal Gc6e7,Ge7f5]}) 26. Rh4 Rf7 27.
Rhxg4 Re8 ({More stubborn resistance after:} 27... Qxh5) 28. Qd2 $5 Qxh5 $140
$2 {Loses right away.} (28... Ree7 $142 {[%csl Ye7,Yf7] +/-/+-}) 29. Qd1 $18 {
[%csl Gd1,Rh5,Rh7][%cal Gg4g7,Gg1h1]} Qf5 $8 (29... Rf3 $144 30. Rxg7+ Kh8 31.
R7g5 Qh7 32. Rh1 Rh3 33. Rxh3 Qxh3 34. Rh5+) 30. Rf4 Qe6 (30... Qxf4 $144 31.
Bxf4 Rxf4 32. Qh5+ {[%csl Re8,Rh7]}) 31. Qh5+ Kg8 32. Rg6 (32. Rg6 Qd7 33. Rh4
{[%csl Rg8]} Kf8 (33... Rf3 34. Qh8+ Kf7 35. Qxg7#) 34. Qh8+ Ke7 35. Bg5+ {
and mate in 4 moves.}) 1-0

[Event "St Petersburg-ch"]
[Site "St Petersburg"]
[Date "2003.04.16"]
[Round "1"]
[White "Ivanov, Sergey"]
[Black "Novikov, Mikhail V"]
[Result "1-0"]
[WhiteElo "2557"]
[BlackElo "2401"]
[Annotator "Golod,V"]
[PlyCount "57"]
[EventDate "2003.04.16"]
[EventType "tourn"]
[EventRounds "13"]
[EventCountry "RUS"]
[EventCategory "11"]
[SourceTitle "CBM 095"]
[Source "ChessBase"]
[SourceDate "2003.07.25"]
[SourceVersion "1"]
[SourceVersionDate "2003.07.25"]
[SourceQuality "1"]

1. d4 Nf6 2. c4 e6 3. Nc3 Bb4 4. Qc2 b6 5. e4 (5. a3 $5 {You can see comments
to Bykhovsky,A-Manor,I/Tel Aviv,1998/CBM 65(1/2-1/2)(Golod,V)(28)}) 5... Bb7 {
Besides Black has three alternatives: 5...Bxc3!?; 5...Nc6 and 5...c5?!} 6. Bd3
({I do not think that it was better:} 6. f3) 6... c5 {Rare and not so
successful continuation.It's more popular: 6...Bxc3!?. Also were checked up in
previous games: 6...Nc6?!; 6...d5?!; 6...h6?! and 6...0-0.} 7. d5 ({Does not
put the large problems for Black:} 7. a3) 7... b5 {[%csl Yc4,Rd5][%cal Gb5c4]
Black wants immediately to begin pressure on the centre.} ({Is a possible
continuation of the play:} 7... d6 {See comments to Jacimovic,D-Walsh,C/
Heraklio,1997/CBM 62(1-0)(Tsesarsky,I)(31)}) 8. b3 ({Also it deserves
attention:} 8. Nge2 $5 bxc4 9. Bxc4 exd5 10. exd5 Nxd5 (10... O-O 11. O-O $14)
11. Qb3 {[%csl Rf7]} Bxc3+ (11... Nf6 12. Bxf7+ Ke7 13. Bg5 $36) 12. bxc3 Nb6
13. Bxf7+ Kf8 14. O-O Qf6 15. Bh5 $14 {Winants,L-Alexandria,N/Spijkenisse,1989
(1-0)(25)}) 8... bxc4 {Can it was not necessary to hasten with this exchange
of the pawns:} (8... O-O $5 9. Nge2 d6 10. O-O bxc4 11. bxc4 Nbd7 12. Nd1 $6 (
12. a3 $142 Bxc3 (12... Ba5 13. Rb1 $14) 13. Nxc3 Ne5 14. Be2 $14) 12... Ne5
$11 {Berger,V-Yates,F/London,1927(0-1)(50)}) 9. bxc4 exd5 10. exd5 {Position
of white more preferably at the expense of the best pawn chain and
unsuccessful location of Black's bishop "b4".} O-O 11. Nge2 d6 12. Bf4 $5 $146
{[%csl Rd6] The game of White corresponds to the requirements of a position.} (
12. O-O $143 Nbd7 13. f4 Re8 14. Ng3 Nf8 $2 (14... Ba6 $5 {[%csl Rc4]}) 15.
Nce4 Nxe4 16. Nxe4 Bc8 17. f5 $16 {Rodriguez Cespedes,A-Vilela,J/Camaguey,1987
(1-0)(34)}) 12... h6 $6 {Unessential move.Now White has an object (קh6) for
attack on king side.} ({From my point of view,it was a little better:} 12...
Re8) 13. O-O Nh5 14. Bd2 Nd7 {[%cal Gd7e5]} 15. f4 Nb6 {It's very dubious idea.
Black have not time to create threats on the queen side.} (15... Re8 $142) 16.
g4 $1 Nf6 17. g5 {[%csl Rg8][%mdl 128] White develop the strong attack,all
their pieces are located ideally.} hxg5 ({Hardly is better:} 17... Nfd7 18.
gxh6 gxh6 19. Kh1 $40 {[%csl Rg8][%cal Gf1g1]}) ({or} 17... Nh5 $6 18. gxh6
gxh6 (18... g6 19. Ng3 $1 $16) 19. Kh1 $40 {[%csl Rg8][%cal Gf1g1]}) 18. fxg5
Nh5 $6 {Again dubious decision.} ({Can be recommended:} 18... Ng4 $5 19. Bf4
$36) (18... Nfd7 $2 {is refuted by:} 19. Bh7+ Kh8 20. Qe4 $18 {[%csl Rh8][%cal
Ge4h4]}) 19. Ng3 $1 {For White it is certainly favourable to exchange these
knights.} Nxg3 20. hxg3 $16 {<->h} Bxc3 (20... Rb8 $2 21. Bh7+ Kh8 22. Qe4 $18)
(20... g6 $6 21. Ne4 Bxd2 22. Qxd2 {[%csl Rf6]}) 21. Qxc3 {[%csl Rg8][%cal
Gf1f2,Gf2h2]} Qd7 $2 {It already decisive mistake.} ({It was necessary:} 21...
Bc8 $5 $16 {[%cal Yc8h3]}) 22. Bf5 $1 Qa4 $140 {[%csl Rc4]} 23. Rf4 {[%csl Rg8]
[%cal Gf4h4] Full domination.Black don't have the protection against numerous
threats.} Nd7 ({Also loses right away:} 23... Bc8 24. Bc2 Qe8 25. Rh4 f5 (25...
Qe5 $143 26. Bh7+ Kh8 27. Qf3 $1 $18 Qxa1+ $140 28. Bb1+ Kg8 29. Rh8+ Kxh8 30.
Qh5+ Kg8 31. Qh7#) 26. gxf6 Rxf6 27. Bh7+ Kf8 28. Bg5 $18) 24. Rh4 $18 Rfe8 (
24... Rfd8 $144 25. Bh7+ Kf8 26. Bc2 Qa6 27. Rh8+ Ke7 28. Re1+ Ne5 29. Rxe5+
dxe5 30. Qxe5+ {[%csl Re7][%cal Gc2f5]}) 25. Bh7+ Kf8 (25... Kh8 $2 26. Bc2+ {
[%csl Ra4,Rh8]}) 26. Bc2 Qa6 (26... Qb4 27. Rh8+ Ke7 28. Qe3+ {[%csl Rb4,Re7]})
27. Rh8+ Ke7 28. Re1+ Ne5 29. Rxe5+ {After this move Black resigns,because of
next variant:} (29. Rxe5+ dxe5 30. Qxe5+ Kd7 $8 31. Bf5+ Re6 32. Bxe6+ fxe6 33.
Qxg7+ Kd6 34. Bf4+ e5 35. Bxe5#) 1-0

[Event "Bundesliga 0203"]
[Site "Germany"]
[Date "2003.01.11"]
[Round "8.4"]
[White "Gustafsson, Jan"]
[Black "Emms, John M"]
[Result "1/2-1/2"]
[WhiteElo "2554"]
[BlackElo "2520"]
[Annotator "Golod,V"]
[PlyCount "76"]
[EventDate "2002.10.19"]
[EventType "team-tourn"]
[EventRounds "15"]
[EventCountry "GER"]
[SourceTitle "CBM 093"]
[Source "ChessBase"]
[SourceDate "2003.04.01"]
[SourceVersion "1"]
[SourceVersionDate "2003.04.01"]
[SourceQuality "1"]
[WhiteTeam "Hamburger SK"]
[BlackTeam "Solingen"]
[WhiteTeamCountry "GER"]
[BlackTeamCountry "GER"]

1. d4 Nf6 2. c4 e6 3. Nc3 Bb4 4. Qc2 O-O 5. a3 Bxc3+ 6. Qxc3 b6 7. Bg5 Bb7 8.
f3 h6 9. Bh4 d5 10. e3 Nbd7 11. cxd5 Nxd5 12. Bxd8 Nxc3 13. Bh4 Nd5 14. Bf2 c5
15. e4 Nf4 $6 {Besides black has two options:} (15... Ne7 $5 {See comments to
next games: Teplitsky,Y-Gershon,A/Bermuda,1999/CBM 69 (1/2-1/2)(Golod,V)(27)
and Gurevich,M-Lutz,C/Essen,2001/CBM 83(1/2-1/2)(Golod,V)(45)}) ({and} 15...
N5f6) 16. Bb5 Rad8 17. Ne2 $1 ({Much worse is:} 17. g3 Ng6 18. Rd1 (18. Ne2 f5
$1 $36) 18... f5 19. exf5 exf5 $15 {See commens to Jelen,I-Onischuk,A/Vienna,
1996/CBM 53(0-1)(Chekhov,V)(34)}) 17... Nxg2+ $6 {Black resolutely enter in
tactical complication.} ({After:} 17... Nxe2 18. Kxe2 {white has a BB in
endgame.}) 18. Kf1 f5 $8 19. d5 $1 {In it and essence of a plan white, when
they played: 17.Ne2} ({Unexpectedly loses right away:} 19. Kxg2 $4 {in view of:
} fxe4 20. fxe4 (20. Nc3 e3 $1 21. Bxe3 Rxf3 $19 {[%csl Gb7,Gf3,Rg2]}) 20...
Bxe4+ 21. Kg3 (21. Kg1 Bxh1 {[%csl Rf2]}) 21... Rf3+ 22. Kg2 Rxa3+ $1 {[%csl
Ra1,Ge4,Rg2][%cal Ga3a1,Ga3h3]}) 19... fxe4 $2 $146 ({It was necessary:} 19...
exd5 20. exd5 {[%csl Rg2]} Bxd5 $2 {This natural,on the first sight the move,
is a gross blunder.} (20... Ne5 $142 $1 21. Kxg2 $140 Rxd5 $1 {[%csl Gb7,Ge5,
Rf3,Rg2][%cal Gd5d2]} 22. Rhd1 (22. Rhe1 $2 Nxf3 $1 23. Kxf3 $140 Rd3+ 24. Kf4
Rf3+ 25. Ke5 Rxf2 $15) 22... Rxd1 23. Rxd1 Bxf3+ 24. Kf1 g5 {+/=/=}) 21. Kxg2
Ne5 22. Ng1 {[%csl Rf3,Yg1,Yg2][%cal Yg2f3,Yg1f3]} g5 23. Re1 Ng6 24. h4 $1 $16
{You can see comments to game: Sokolov,I-Hansen,C/Malmo,2001/CBM 84(1-0)(Golod,
V)(41)}) 20. dxe6 Rxf3 (20... exf3 $143 21. Nc3 {[%csl Rd7,Rd8,Rf8][%cal Ge6d7,
Ge6e7]}) 21. Kxg2 e3 ({Leads to hopeless position:} 21... Nf6 22. Rhd1 Rxd1 23.
Rxd1 e3 $140 $6 24. Rd8+ Kh7 25. Bg3 $18) 22. Bg3 $2 ({According to my
analysis, (to game:Sokolov, I-Hansen,C/Malmo,2001) it was necessary to play:} 
22. Bh4 Nf6 (22... g5 $143 23. Rhd1 Rf2+ 24. Kh3 $1 Bg2+ 25. Kg3 gxh4+ 26. Kxh4
$18) (22... Rff8+ $143 23. Kh3 Rf3+ 24. Ng3 g5 25. Bxd7 Rf4 {[%csl Rh3][%cal
Gf4h4]} 26. Nf5 $18) 23. e7 Ra8 (23... Rd2 $143 24. Bxf6 Rxf6+ 25. Kh3 Bc8+ 26.
Kg3 $18 {[%csl Ge7][%cal Ge7e8]}) 24. Rad1 (24. Kg1 $6 {[%csl Ge7][%cal Gh4f6]}
g5 25. Bg3 Kf7 $14) (24. Rhd1 $5) 24... Rf4+ 25. Kh3 Bc8+ 26. Kg3 Rg4+ 27. Kf3
Rxh4 28. Bc6 $1 Bg4+ 29. Kxe3 $16 {[%cal Gd1d8]}) 22... Nf6 {[%csl Rg2]} 23.
Rhd1 Rd2 {Now black receive a some counterplay.} 24. Kg1 a6 {[%csl Ye2][%cal
Yb5e2]} 25. Bc4 $6 (25. Bd3 $142 Bd5 (25... Rxb2 $5 26. Rdb1 Rxb1+ 27. Rxb1 b5
28. Bg6 {+/=/+/-}) 26. Be1 Rxb2 (26... Rxd1 $143 27. Rxd1 Bxe6 28. Bxa6 $16)
27. Bc3 Ra2 (27... Rb3 $2 28. Bc2 {[%csl Rb3]}) 28. Bxa6 Rxa1 29. Bxa1 Bxe6 $14
) 25... b5 26. Be1 $6 ({It was better to keep a bishop:} 26. Bd3 Bd5 (26... c4
$2 27. Bg6 {[%csl Rg8]}) 27. Be1 Rxd1 28. Rxd1 Bxe6 $13) 26... Rxd1 27. Rxd1
bxc4 28. Rd8+ Kh7 29. e7 Bc6 $8 30. Rd6 Be8 $6 {The very dubious decision.What
for to give back pawn "a6"?} (30... Bb5 $142 {[%csl Yb5][%cal Yb5a6]}) 31. Rxa6
Kg6 ({Is a possible continuations of the play:} 31... Bd7 $5 {[%csl Yd7][%cal
Yd7c8,Yd7h3]}) ({and} 31... Kg8 $5) 32. Kg2 Rf5 33. Re6 {[%csl Re3]} Kf7 34.
Rxe3 Nd5 $6 (34... Ng4 $142 35. Re4 Ne5 (35... Bc6 $4 36. e8=Q+ Bxe8 37. Rxg4)
36. Rf4 (36. Ng3 $2 Bc6 37. Bc3 Rf4 $1 (37... Bxe4+ $2 38. Nxe4 {[%csl Rf5,Rf7]
[%cal Ge4d6]} Kxe7 39. Ng3 Ke6 (39... Rg5 $143 40. h4 {[%csl Re5][%cal Yg5e5,
Gh4g5]}) 40. Nxf5 Kxf5 41. a4 $13) 38. Bxe5 Bxe4+ 39. Kg1 Rg4 $19) 36... Bc6+
37. Kg3 Rxf4 38. Nxf4 g5 {with some chances to win.}) 35. Rf3 Rxf3 36. Kxf3
Kxe7 $6 {Apparently black have agreed with drawn result.} (36... Bc6 $142) 37.
Nc3 Bc6 $11 38. Nxd5+ Bxd5+ 1/2-1/2

[Event "St Petersburg-ch 73rd"]
[Site "St Petersburg"]
[Date "2000.04.08"]
[Round "6"]
[White "Ivanov, Sergey"]
[Black "Chepukaitis, Genrikh"]
[Result "0-1"]
[WhiteElo "2543"]
[BlackElo "2393"]
[Annotator "Golod,V"]
[PlyCount "120"]
[EventDate "2000.04.03"]
[EventType "tourn"]
[EventRounds "11"]
[EventCountry "RUS"]
[EventCategory "11"]
[SourceTitle "CBM 077"]
[Source "ChessBase"]
[SourceDate "2000.07.27"]
[SourceVersion "1"]
[SourceVersionDate "2000.07.27"]
[SourceQuality "1"]

1. d4 Nf6 2. c4 e6 3. Nc3 Bb4 4. Qc2 d6 5. Bg5 O-O 6. a3 Bxc3+ 7. Qxc3 Nbd7 8.
e3 b6 9. Bd3 Bb7 10. f3 h6 11. Bh4 Rc8 12. Ne2 c5 13. Qb3 {[%mdl 4]} (13. Qd2 {
It's main line.}) (13. b4 d5 $1 $11 {See comments to Schandorff,L-Hansen,C/
Taastrup,1998/CBM 65 (1/2-1/2) (Golod,V)(35)} (13... cxd4 $6 14. exd4 Re8 15.
O-O e5 16. Rac1 $14 {Baburin,A-Lesiege,A/Europe vs Americas, Mermaid Beach,
1998(1-0)(28)}) (13... d5 $11)) 13... d5 (13... cxd4 14. exd4 d5 15. O-O {
See comments to the 14-th move.}) 14. cxd5 (14. O-O cxd4 15. exd4 dxc4 (15...
Nb8 $2 16. c5 Bc6 17. Bxf6 gxf6 18. Qc3 Bd7 19. b4 $16 {Bareev,E-Anka,E/FRA tt
Lyon-Strasbourg, 1994(1-0)(29)}) 16. Bxc4 a6 $11 (16... Nb8 $6 17. Qd3 $140 Bd5
$6 18. Bxd5 Qxd5 19. Bxf6 gxf6 20. Nc3 Qc4 21. Qe3 Kg7 22. Rad1 $16 {Polgar,
Z-Ioseliani,N/Monte Carlo,1993 (1/2-1/2)(61)}) (16... Qc7 17. Rac1 Qb8 18. Bg3
Qa8 19. Nc3 a6 20. a4 Rfd8 {[%csl Gd5] Space advantage and par of BB of White
are compensate by isolated Pd4 and control on d5 square.} 21. Rfe1 Nf8 22. Rcd1
Kh8 $132 {Ivanov,S-Biriukov,O/St.Petersburg,1999 (1-0)(70)}) 17. a4 Rc6 (17...
Qe7 18. Rac1 Bd5 19. Bxd5 exd5 20. Qd3 Rxc1 21. Rxc1 Re8 22. Kf1 Qb4 $11 {
Abramov-Appolonov,S/Podolsk,1993(1/2-1/2) (43)}) 18. Rfe1 Qc8 19. Rac1 Nd5 20.
Bxd5 Rxc1 21. Rxc1 Bxd5 22. Rxc8 Bxb3 23. Rc7 Nf6 24. Bxf6 gxf6 25. Nc3 Rd8
$132 {Ivanov,S-Solozhenkin,E/City-Ch, St. Petersburg,1998(0-1)(58)}) 14... Bxd5
15. Qd1 $1 (15. Qa4 $143 cxd4 16. exd4 Bc6 17. Qd1 b5 (17... Qc7 18. O-O Qb7
19. Re1 Nd5 20. Qd2 Rfe8 21. Bf2 Nf8 $11 {Agdestein,S-Hjartarson,J/Groningen,
1993 (1/2-1/2)(73)}) 18. O-O Qb6 19. Bf2 Qb7 20. Ng3 Nb6 21. Qe2 Nbd5 $11 {
Sokolov,I-Adams,M/Preston,1989(1/2-1/2)(27)}) 15... cxd4 16. Nxd4 Ne5 (16... e5
17. Nf5 Be6 18. O-O Nc5 19. Bc2 $14) 17. Ba6 Bc4 $6 $16 {Start of very sharp
and interesting game connected with material sacrifices.But this move allows
to white to receive an advantage.} (17... Rc5 $142 18. O-O Bc4 (18... Nc4 19.
Qe2 e5 20. Nb3 Rc7 21. Rfd1 $16) 19. Bxc4 Nxc4 20. Qe2 Qd5 21. b3 Nd6 22. Bf2 (
22. Bxf6 gxf6 23. Rfd1 $14) 22... Nb5 23. Nxb5 Rxb5 24. b4 Rc8 25. Rac1 $14 {
Kiriakov,P-Abashev,D/Moscow,1996(1-0) (43)}) (17... Rc7 18. Bg3 Nfd7 19. Nb5
$16) 18. Bxc8 $1 $146 {[%mdl 8] This move was not played in the next game:} (
18. Bxc4 $6 Nxc4 19. Qe2 Qd7 20. Bxf6 {1/2-1/2 Sokolov,I-Gurevich,M/Sarajevo
BIH 2000/The Week in Chess 290 (20)}) 18... Nd3+ (18... Qxc8 19. Bxf6 (19. b3
$5 Nd3+ 20. Kd2 Ba6 21. Bxf6 Nf2 22. Qc1 Nxh1 23. Qxc8 Rxc8 24. Bh4 g5 25. Bxg5
hxg5 26. Rxh1 $16) 19... Nd3+ 20. Kd2 gxf6 21. Qc2 $16) 19. Kd2 Ne4+ $6 $18 ({
It is necessary:} 19... Qxc8 $5 20. Bxf6 Nf2 $5 (20... gxf6 21. Qc2 $16) 21.
Qc2 $1 (21. Qa4 Nxh1 22. b3 (22. Rxh1 gxf6 23. Rc1 b5 24. Qxa7 e5 25. Nxb5 (25.
b3 exd4 26. exd4 Re8 27. bxc4 Qe6 $19) 25... Qd8+ 26. Nd4 Be6 27. Ke2 exd4 28.
Qxd4 $44) 22... Bd5 23. Bxg7 Kxg7 24. Rxh1 Qc7 25. Qb4 (25. e4 Bb7 $44) 25...
Rc8 26. Ke2 $14) 21... Nxh1 22. Bxg7 Kxg7 23. Rxh1 Bd5 24. Qxc8 Rxc8 25. Rc1
$16) 20. fxe4 Qxh4 21. b3 $1 ({Much worse is:} 21. Bb7 $6 {[%csl Ye4][%cal
Gb7e4]} Nc5 22. Bc6 Rc8 23. Rc1 Rxc6 24. Nxc6 Nxe4+ 25. Kc2 Qf2+ 26. Kb1 Nd2+
27. Qxd2 (27. Ka1 Nb3+ 28. Kb1 Nd2+ $11) 27... Qxd2 28. Rxc4 Qxg2 $14) 21...
Nf2 22. Qf3 $2 {Now despite of rook lack black have enough compensation.} ({
Right was} 22. Qe1 $1 {[%cal Ge1h4]} Rxc8 (22... Nxe4+ 23. Kc2 Qg4 24. bxc4 (
24. Bb7 Qxg2+ 25. Kc1 Bd5 26. Bxd5 exd5 27. Qe2 $1 Qxh1+ 28. Kb2 Nc3 $1 29.
Rxh1 Nxe2 30. Nxe2 $16) 24... Qxg2+ 25. Qe2 $18) 23. bxc4 Nxe4+ (23... Rxc4 24.
Ke2 $18) 24. Kd3 Nc5+ 25. Kc3 Qe4 26. Qe2 e5 27. Nb5 Na4+ 28. Kb3 Rxc4 29. Rac1
(29. Qxc4 Nc5+ 30. Kc3 Na4+ $11) 29... Nc5+ 30. Ka2 $18) 22... Nxe4+ 23. Kc2 $8
Bd5 (23... Bxb3+ 24. Nxb3 (24. Kxb3 Nd2+ $19) 24... Rxc8+ 25. Kb2 Nf2 26. Rhd1
(26. Rhf1 Rc2+ $3 27. Kxc2 Qc4+ 28. Kd2 $8 Ne4+ 29. Qxe4 (29. Ke1 Qc3+ 30. Ke2
Qc4+ $11) 29... Qxe4 $14) 26... Nxd1+ 27. Rxd1 $14) 24. Ba6 (24. Bd7 Nc5 $17)
24... Nc5 25. Qe2 e5 $1 {Right moves order} ({After} 25... Nxa6 $2 26. Qxa6 e5
{right is} 27. Ne2 $1 ({and not} 27. Nf3 $2 Qf2+ 28. Nd2 Be4+ 29. Kc1 $8 Qxe3
30. Ra2 (30. Qc4 Bf5 {[%cal Gf8c8]} 31. Kd1 Rd8 32. Ra2 Rd4 $19) 30... Bd3 $1
31. Qb7 $8 Qc5+ 32. Kb2 Qd4+ 33. Kc1 Qc3+ 34. Kd1 e4 $1 $19) 27... Qe4+ 28. Qd3
Bxb3+ 29. Kd2 $18) 26. Nf3 Qe4+ 27. Kb2 Nxa6 28. Nd2 (28. Qxa6 Qxe3 {[%csl Rb2,
Rb3][%cal Ge3f2]} 29. Rae1 $8 Qxb3+ 30. Kc1 Bc4 $19 {[%cal Gb3c3]}) 28... Qxg2
29. Qxg2 Bxg2 30. Rhg1 {[%mdl 4096]} Bd5 {This endgame may be evaluated as
equal.} 31. b4 {[%csl Ra6]} (31. e4 Bc6 32. b4 Rd8 33. Rg2 Rd4 34. Rag1 g5 35.
Re2 Bb5 $15) 31... Nc7 32. Rac1 Ne6 33. Nc4 Bxc4 34. Rxc4 Rd8 35. Kc2 (35. Rgc1
$44) 35... Kf8 36. a4 Ke7 37. a5 $6 {White try to open one more file for RR.} (
37. Rd1 $44) 37... bxa5 38. bxa5 Rd5 {...but weakenen Pa5.} 39. Ra1 g5 {
Black plan is to neutralize White play on the Q-side and to promote PP on the
K-side.} 40. a6 f5 41. Rb1 Ra5 (41... Nc5 42. Rb5 Kd6 43. Rb8 Nxa6 44. Rd8+ Ke6
45. Re8+ (45. Rc6+ Ke7 46. Rxd5 Nb4+ 47. Kb3 Nxd5 48. e4 fxe4 49. Rxh6 e3 50.
Kc2 a5 $15) 45... Kf7 46. Ra8 Rd7 47. Ra4 Nc5 48. R4xa7 $44) 42. Rb7+ Kd6 43.
Rxa7 Nc5 (43... Kd5 44. Rc3 $44) 44. Rb4 Kc6 (44... Kd5 45. Rb6 $44) 45. Rh7
Nxa6 46. Rxh6+ Kd5 47. e4+ fxe4 48. Rb2 $2 $17 ({Right was} 48. Rbb6 $1 Nc5 49.
Kd2 $44 {[%cal Gb6d6]} (49. Rhd6+ Kc4 50. Kd2 Ra2+ 51. Ke3 Rxh2 52. Rg6 Rg2 53.
Rbc6 Rg3+ (53... Kd5 54. Rxc5+ Kxc5 55. Kxe4 Re2+ 56. Kd3 $11) 54. Kf2 Rf3+ 55.
Ke2 Rf5 (55... Rg3 56. Kf2) 56. Ke3 $11 {[%csl Rc5,Re4][%cal Gc6c5]})) 48...
Nc5 {Now white rooks are disconnected.} 49. Kd2 Ra3 50. Ke2 Nb3 $1 51. Kf2 $2
$19 (51. Rb6 $1 Nd4+ 52. Kf1 e3 53. Rb1 Ke4 $17 (53... e2+ $5 54. Kf2 Ke4 (
54... Rh3 55. Kg2 g4 {[%csl Rh2][%cal Gd4f3,Ge2e1]} 56. Re1 Nf3 (56... Rxh2+
57. Kxh2 Nf3+ 58. Kg3 Nxe1 59. Kf2 Nf3 60. Kxe2 Ke4 61. Kf2 $44) 57. Rxe2 Rxh2+
58. Kf1 Rh1+ 59. Kf2 $44) 55. R6b2 Rh3 56. Kg2 g4 $17)) 51... Nd4 52. Kg2 e3
53. Rf6 e2 54. Rb1 Ke4 $1 (54... Nc2 $2 55. Kf2 Ra2 56. h3 (56. Kxe2 Na3+ $19)
(56. Re1 Nxe1 57. Kxe1 Ke4 58. Rb6 Ra1+ 59. Kxe2 Ra2+ $19 {[%csl Rh2]}) 56...
e1=Q+ 57. Rxe1 Nxe1+ 58. Kxe1 Ke4 $17) 55. Kf2 Rh3 56. Rh1 g4 57. Rg6 Rf3+ 58.
Kg2 Kf5 59. Rb6 Nc2 60. Rbb1 Ne3+ 0-1